000 017430000a22003490004500
003 EG-GICUC
005 20250223025508.0
008 081025s2008 ua dh f m 000 0 eng d
040 _aEG-GICUC
_beng
_cEG-GICUC
041 0 _aEng
049 _aDeposite
097 _aM.Sc
099 _aCai01.12.05.M.Sc.2008.Ra.I
100 0 _aRasha Mohamed Naguib Ali
245 1 0 _aInteraction between synthetic isoquinoline alkaloid derivatives and some plant natural products in antimicrobial chemotherapy /
_cRasha Mohamed Naguib Ali ; Supervised Tahany Mohamed Abdelrahman , Hamdy Mahmoud Hassaneen , Mohsen Aboelasayed
246 1 5 _aالتداخل بين مشتقات قلويدات الايزوكينولين المصنعة وبعض المنتجات النباتية الطبيعية كعلاج كيميائى كضاد للميكروبات
260 _aCairo :
_bRasha Mohamed Naguib Ali ,
_c2008
300 _a130Leaves :
_bcharts , facsimiles ;
_c30cm
502 _aThesis (M.Sc.) - Cairo University - Faculty Of Science - Department Of Botany (Microbiology)
520 _aTwo synthesized Isoquinoline alkaloid derivatives A and B were assayed for their antimicrobial activities against some microbial species , especially for Candida parapsilosis and Aspergillus flavus.Combined antifungal assays of Isoq
530 _aIssued also as CD
653 4 _aCinnamon oil
653 4 _aGarlic oil
653 4 _aIsoquinoline alkaloid derivatives
700 0 _aHamdy Mahmoud Hassaneen ,
_eSupervisor
700 0 _aMohsen Aboelasayed ,
_eSupervisor
700 0 _aTahany Mohamed Abdelrahman ,
_eSupervisor
856 _uhttp://172.23.153.220/th.pdf
905 _aFatma
_eCataloger
905 _aNazla
_eRevisor
942 _2ddc
_cTH
999 _c14260
_d14260